000 00632nam a22001937a 4500
003 NUST-PNEC
005 20170116180717.0
008 141021b xxu||||| |||| 00| 0 eng d
020 _a0600387798
040 _cPNEC
082 _a423 MAN
100 _9739
_aManser, MH
245 _aPocket Thesaurus of English Words (Newnes)/
_cMH Manser
260 _aLondon :
_bHamlyn Publishing Group
_c1979.
300 _a328 p. ;
_c15 cm.
500 _ahttp://www.amazon.com/Pocket-Thesaurus-English-Martin-Manser/dp/0600387798/ref=sr_1_1?s=books&ie=UTF8&qid=1413891734&sr=1-1&keywords=0600387798
650 _xGeneral
942 _2ddc
_cBK
999 _c61224
_d61224